000 00711nam a2200241Ia 4500
003 OSt
005 20221007064612.0
006 a|||||r|||| 00| 0
007 ta
008 221006b |||||||| |||| 00| 0 eng d
024 _a8,766
037 _cTextual
040 _aFLL
_cFLL
_beng
041 _2eng
_aeng
082 _aX:321:Z2,81N86N95, N5.1
100 _aNijhawan S.B. Au.
_9686016
245 0 _aNational commission and supreme court on consumer cases 1986-1995
260 _aDelhi
_bInternational law book company India
_c1995
300 _a1536p
_ccm.
490 _vVol.1
942 _hX:321:Z2,81N86N95, N5.1
_cTEXL
_2CC
999 _c1134626
_d1134626